Mary Wakefield. (Record no. 8890)
[ view plain ]
| 000 -LEADER | |
|---|---|
| fixed length control field | 00552cam a2200205u 4500 |
| 001 - CONTROL NUMBER | |
| control field | 6952019 |
| 003 - CONTROL NUMBER IDENTIFIER | |
| control field | OSt |
| 005 - DATE AND TIME OF LATEST TRANSACTION | |
| control field | 20250901165747.0 |
| 008 - FIXED-LENGTH DATA ELEMENTS--GENERAL INFORMATION | |
| fixed length control field | 821208s1949 mau 000 0 eng |
| 010 ## - LIBRARY OF CONGRESS CONTROL NUMBER | |
| LC control number | 49007004 |
| 040 ## - CATALOGING SOURCE | |
| Original cataloging agency | DLC |
| Transcribing agency | CarP |
| Modifying agency | DLC |
| 050 00 - LIBRARY OF CONGRESS CALL NUMBER | |
| Classification number | PZ 3 .D37613 Mar 1949 |
| Item number | Mar |
| Classification number | PR9199.3.D42 |
| 100 1# - MAIN ENTRY--PERSONAL NAME | |
| Personal name | De la Roche, Mazo, |
| Dates associated with a name | 1879-1961. |
| 245 10 - TITLE STATEMENT | |
| Title | Mary Wakefield. |
| 250 ## - EDITION STATEMENT | |
| Edition statement | [1st ed.] |
| 260 ## - PUBLICATION, DISTRIBUTION, ETC. | |
| Place of publication, distribution, etc. | Boston, |
| Name of publisher, distributor, etc. | Little, Brown, |
| Date of publication, distribution, etc. | 1949. |
| 300 ## - PHYSICAL DESCRIPTION | |
| Extent | 337 p. |
| Dimensions | 20 cm. |
| 906 ## - LOCAL DATA ELEMENT F, LDF (RLIN) | |
| a | 0 |
| b | cbc |
| c | premunv |
| d | u |
| e | ncip |
| f | 19 |
| g | y-gencatlg |
| 942 ## - ADDED ENTRY ELEMENTS (KOHA) | |
| Source of classification or shelving scheme | Library of Congress Classification |
| Koha item type | Books |
| Withdrawn status | Lost status | Source of classification or shelving scheme | Damaged status | Not for loan | Home library | Current library | Shelving location | Date acquired | Total checkouts | Full call number | Barcode | Date last seen | Price effective from | Koha item type |
|---|---|---|---|---|---|---|---|---|---|---|---|---|---|---|
| Library of Congress Classification | Main Library | Main Library | 10/14/2024 | PZ 3 .D37613 Mar 1949 | PIU0009582 | 10/14/2024 | 10/14/2024 | Books |